The Orange Quiz - Statistics

General Stats
  • This quiz has been taken 468 times
  • The average score is 10 of 20
Answer Stats
Question Answer % Correct
"Orange is the New" what in a Netflix series? Black
88%
In what U.S. state is orange the most valuable cash crop? Florida
78%
In what country is Prince of Orange the name for the heir to the throne? Netherlands
76%
What country produces most of world's oranges? Brazil
61%
In what religion do some monks wear robes? Buddhism
61%
What American herbicide caused negative health consequences to those exposed during the Vietnam War? {Agent} Orange
60%
What world famous bridge has the color international orange? Golden Gate Bridge
57%
What ancient Indian language does the word "orange" come from? Sanskrit
57%
What English king came from that country's "Orange" royal house? William III
56%
Who directed the movie "A Clockwork Orange", based on a novel by Anthony Burgess? Stanley Kubrick
49%
What is the Spanish word for orange? Naranja
48%
What former football RB is nicknamed "The Juice"? O.J. Simpson
47%
Between which countries is the Orange River located? (name either) South Africa | Namibia
41%
What country introduced oranges to Europe? Portugal
35%
What Asian country flag has the most orange (about 40%)? Bhutan
32%
What two Caribbean islands' main cities are both called "Oranjestad"? (name either) Aruba | Sint Eustatius
29%
What group of people founded the country of Orange Free State in 1854? Boers
28%
What is the largest city in Orange County, California? Anaheim
27%
In what country did the 2004 democracy movement, Orange Revolution, take place? Ukraine
24%
With what political ideology is orange traditionally associated? {Christian} Democracy
8%
No matching quizzes found
Score Distribution
Percent of People with Each Score
Percentile by Number Answered
Your Score History
You have not taken this quiz